Effect of Fertility Levels and Spacing on Growth, Yield and Quality of Tomato (Lycopersicon Esculentum Mill.) (Record no. 50118)

MARC details
000 -LEADER
fixed length control field 00476nam a22001577a 4500
003 - CONTROL NUMBER IDENTIFIER
control field OSt
008 - FIXED-LENGTH DATA ELEMENTS--GENERAL INFORMATION
fixed length control field 260423b |||||||| |||| 00| 0 eng d
082 ## - DEWEY DECIMAL CLASSIFICATION NUMBER
Classification number 635.642
Item number N63E
100 ## - MAIN ENTRY--PERSONAL NAME
Personal name Kumar, Niranjan
245 ## - TITLE STATEMENT
Title Effect of Fertility Levels and Spacing on Growth, Yield and Quality of Tomato (Lycopersicon Esculentum Mill.)
260 ## - PUBLICATION, DISTRIBUTION, ETC. (IMPRINT)
Place of publication, distribution, etc Pusa, Samastipur
Name of publisher, distributor, etc RAU, Pusa
Date of publication, distribution, etc 1999
300 ## - PHYSICAL DESCRIPTION
Extent 68P.
502 ## - DISSERTATION NOTE
Degree type Msc.
Year degree granted 1999
650 ## - SUBJECT ADDED ENTRY--TOPICAL TERM
Topical term or geographic name as entry element Vegetable and Floriculture
942 ## - ADDED ENTRY ELEMENTS (KOHA)
Source of classification or shelving scheme
Koha item type Thesis
Holdings
Withdrawn status Lost status Source of classification or shelving scheme Damaged status Not for loan Home library Current library Date acquired Total Checkouts Full call number Barcode Date last seen Bill Date Koha item type
          Dr. Rajendra Prasad Central Agricultural University Pusa, Dr. Rajendra Prasad Central Agricultural University Pusa, 23/04/2026   635.642 N63E 48091-UL 23/04/2026 23/04/2026 Thesis
Hosted, Implemented, Customized & Maintained by: BestBookBuddies

Powered by Koha